Ghalib 1797-1869 : (Record no. 137067)

MARC details
000 -LEADER
fixed length control field 00720nam a22002177a 4500
010 ## - LIBRARY OF CONGRESS CONTROL NUMBER
LC control number 565117
020 ## - INTERNATIONAL STANDARD BOOK NUMBER
International Standard Book Number 04928021
035 ## - SYSTEM CONTROL NUMBER
System control number 565117
037 ## - SOURCE OF ACQUISITION
Source of stock number/acquisition Cen Lib / Ret
040 ## - CATALOGING SOURCE
Original cataloging agency DPL
Language of cataloging En
082 ## - DEWEY DECIMAL CLASSIFICATION NUMBER
Classification number 921
Item number GHA
245 ## - TITLE STATEMENT
Title Ghalib 1797-1869 :
Statement of responsibility, etc translated by Ralph Russell [and] Khurshidul Islam
260 ## - PUBLICATION, DISTRIBUTION, ETC. (IMPRINT)
Place of publication, distribution, etc London
Name of publisher, distributor, etc George Allen and Unwin Ltd
Date of publication, distribution, etc 1969
270 ## - ADDRESS
Address Ruksin House Museum Street
City London
300 ## - PHYSICAL DESCRIPTION
Extent (v 1. 404p)
Dimensions 27cm(Hb)
650 ## - SUBJECT ADDED ENTRY--TOPICAL TERM
Topical term or geographic name as entry element Ghalib, Mirza Asadullah Khan, -- 1797-1869 -- Criticism and interpretation.
650 ## - SUBJECT ADDED ENTRY--TOPICAL TERM
Topical term or geographic name as entry element Ghalib, Mirza Asadullah Khan, -- 1797-1869
700 ## - ADDED ENTRY--PERSONAL NAME
Personal name Russell, Ralph
700 ## - ADDED ENTRY--PERSONAL NAME
Personal name Islam, Khurshidul
942 ## - ADDED ENTRY ELEMENTS (KOHA)
Source of classification or shelving scheme Dewey Decimal Classification
Koha item type English Books
Classification part 921
Call number suffix GHA
Holdings
Withdrawn status Lost status Materials specified (bound volume or other part) Damaged status Not for loan Home library Current library Date acquired Source of acquisition Total Checkouts Full call number Barcode Date last seen Copy number Price effective from Koha item type
    v 1     Central Library Central Library 15/03/2016 Cen Lib/Ret   921 GHA 565117 15/03/2016 1 15/03/2016 English Books

© Delhi Public Library
Hit Counter
free hit counter